| 000 | 00502nam a22001817a 4500 | ||
|---|---|---|---|
| 999 |
_c164436 _d164436 |
||
| 005 | 20190520143434.0 | ||
| 010 | _aENG-125236 | ||
| 020 |
_a9789382955054 _c200.00 |
||
| 035 | _aEN-108768 | ||
| 037 | _bDBAD/PUB | ||
| 082 | _a230.31 | ||
| 100 | _aRaghavan S.T.V. | ||
| 245 |
_aIdea of God / _cS.T.V., Raghavan |
||
| 260 |
_aNew Delhi _bWords Worth India _c2017 |
||
| 270 |
_aDA/89F, IInd Floor _bHari Nagar _e110064 |
||
| 300 |
_a114p. _c22cm(pbk) |
||
| 942 |
_2ddc _cEN _h230.31 _mRAG |
||